| 000 | 00792cam a2200241 4500 | ||
|---|---|---|---|
| 001 | A261 | ||
| 008 | 090401t1991 xxu||||| |||| 00| 0 eng d | ||
| 035 | _a(Sirsi) u95328 | ||
| 041 | _aeng | ||
| 110 |
_aRoyal Institution of Chartered Surveyors _94900 |
||
| 245 | _aPlanning controls over agriculture and forestry buildings | ||
| 260 |
_bRICS _c1991 |
||
| 300 | _a3p | ||
| 350 | _a0 | ||
| 490 |
_aRICS Memorandum _vGCPPA/Report (91)2 |
||
| 520 | _aResponse to a consulation paper issued by the DoE on possible changes to permitted development rights for agriculture and forestry buildings. | ||
| 650 | _aAGRICULTURAL BUILDINGS | ||
| 650 | _aCONSULATION PAPER | ||
| 650 | _aPERMITTED DEVELOPMENT RIGHTS | ||
| 690 | _aPLANNING LAW AND PRACTICE | ||
| 942 | _n0 | ||
| 948 | _c04/03/1997 | ||
| 999 |
_c98420 _d98420 |
||